Bioethics : (Record no. 39164)
[ view plain ]
| 000 -LEADER | |
|---|---|
| fixed length control field | 00578nam a22002057a 4500 |
| 003 - CONTROL NUMBER IDENTIFIER | |
| control field | OSt |
| 005 - DATE AND TIME OF LATEST TRANSACTION | |
| control field | 20140311163000.0 |
| 008 - FIXED-LENGTH DATA ELEMENTS--GENERAL INFORMATION | |
| fixed length control field | 130209t xxu||||| |||| 00| 0 eng d |
| 020 ## - INTERNATIONAL STANDARD BOOK NUMBER | |
| International Standard Book Number | 9715060730 |
| 050 ## - LIBRARY OF CONGRESS CALL NUMBER | |
| Classification number | QH 332 |
| Item number | .G586 1997 |
| 100 ## - MAIN ENTRY--PERSONAL NAME | |
| Personal name | Gomez, Fausto B. |
| 245 ## - TITLE STATEMENT | |
| Title | Bioethics : |
| Statement of responsibility, etc | Fausto B. Gomez, Vicente G. Rosales, Jr., Hanzy F. Bustamante |
| Remainder of title | the journey continues / |
| 260 ## - PUBLICATION, DISTRIBUTION, ETC. (IMPRINT) | |
| Place of publication, distribution, etc | Manila : |
| Name of publisher, distributor, etc | UST Department of Bioethics, |
| Date of publication, distribution, etc | 1997. |
| 300 ## - PHYSICAL DESCRIPTION | |
| Extent | 174 p. : |
| Dimensions | 24 cm. |
| 521 ## - TARGET AUDIENCE NOTE | |
| Target audience note | |
| 526 ## - STUDY PROGRAM INFORMATION NOTE | |
| Reading level | 1210L-1700L |
| 562 ## - COPY AND VERSION IDENTIFICATION NOTE | |
| Number of copies | 1 |
| 942 ## - ADDED ENTRY ELEMENTS (KOHA) | |
| Source of classification or shelving scheme | Library of Congress Classification |
| Koha item type | Books |
| Call number prefix | Local |
| Withdrawn status | Lost status | Source of classification or shelving scheme | Damaged status | Home library | Current library | Shelving location | Date acquired | Total Checkouts | Full call number | Barcode | Date last seen | Copy number | Price effective from | Koha item type |
|---|---|---|---|---|---|---|---|---|---|---|---|---|---|---|
| Library of Congress Classification | College Library | College Library | General Circulation Section | 02/09/2013 | QH 332 .B615 1997 | C5232 | 05/15/2018 | 1 | 02/09/2013 | Books |